[Event "Bundesliga 0102"]
[Site "Germany"]
[Date "2002.02.05"]
[Round "7.2"]
[White "Solleveld, Maarten"]
[Black "Babula, Vlastimil"]
[Result "0-1"]
[WhiteElo "2427"]
[BlackElo "2566"]
[Annotator "Babula/Meyer,CD"]
[PlyCount "64"]
[EventDate "2001.10.06"]
[EventType "team-tourn"]
[EventRounds "15"]
[EventCountry "GER"]
[SourceTitle "CBM 087"]
[Source "ChessBase"]
[SourceDate "2002.03.21"]
[SourceVersion "1"]
[SourceVersionDate "2002.03.21"]
[SourceQuality "1"]
[WhiteTeam "Heiligenhaus"]
[BlackTeam "Werder Bremen"]
[WhiteTeamCountry "GER"]
[BlackTeamCountry "GER"]

1. e4 c5 2. Nf3 d6 3. d4 cxd4 4. Nxd4 Nf6 5. Nc3 a6 6. f4 e6 7. Bd3 b5 $6 {
(Diese frivole Einladung zu einem heißen Tanz wird dankend angenommen.)} (7...
Qc7) (7... Nbd7) 8. e5 $5 dxe5 9. fxe5 Nd5 {(/\Qh4)} 10. Qg4 h5 (10... Nb4 $6
11. Bg5) 11. Qg3 (11. Qe4 $6 Bb7) 11... h4 $2 (11... Nb4 $142 12. Be3 Nxd3+ 13.
cxd3 Bb7 $13) 12. Qg4 $1 (12. Qf3 Bb7 13. O-O Qd7) 12... h3 13. g3 $2 (13. Bg5
$142 $1 $16 Qc7 $140 (13... Qa5 14. O-O) 14. Nxd5 exd5 15. e6) 13... Nxc3 14.
bxc3 Bb7 $2 {[#]} (14... Qd5 $142 15. Be4 Qc5 (15... Qxe5 $2 16. Qf4 $1 Rh5 $8
17. O-O Ra7 18. Qf3 $16) 16. O-O Ra7 $13) 15. Rf1 $2 (15. Nxe6 $142 $1 fxe6 $8
16. Bg5 $1 (16. Bg6+ $6 Kd7 17. Bg5 Qb6 18. Rd1+ Kc8) (16. Qxe6+ $6 Qe7) 16...
Qc8 (16... Qxg5 17. Bg6+ $1 Kd7 (17... Qxg6 $2 18. Qxg6+ Ke7 19. Rf1 $18 Bd5
20. Rd1 Nd7 21. Rxd5 exd5 22. Rf7+ Kd8 23. Qc6) 18. Rd1+ Kc7 19. Qxg5 Bxh1 20.
Qd8+ Kb7 21. Rd4 $16) (16... Qb6 $2 17. Rd1 $1 Kf7 18. Rf1+ Kg8 19. Bg6 $18)
17. O-O-O $1 $16 {->} (17. Bg6+ $2 Kd7 18. Rd1+ Kc7)) 15... Bd5 $2 {[#]} (15...
Qc7 $142 $13 16. Nxe6 $140 $2 (16. Bg6 $2 Qxe5+) 16... Qxe5+ 17. Kd1 fxe6) 16.
a4 $2 (16. Bg6 $142 $3 $18 Ra7 (16... fxg6 17. Nxe6) 17. Nxe6 Qb6 $140 18. Rxf7
Rxf7 19. Bxf7+ Kxf7 20. Qf5+ Ke8 21. Qg6+) 16... Qc7 (16... bxa4 $2 17. c4) 17.
Kd1 $6 (17. Qf4 $142 $13 g5 $5 (17... Qxc3+ $2 18. Ke2)) 17... Nd7 $1 18. axb5
Nxe5 19. Qe2 (19. Qf4 $142 $13 Bd6 $140 20. Ba3) 19... Nxd3 (19... Qxc3 $2 20.
Qxe5 Qxa1 21. bxa6 $40) 20. Qxd3 Bc4 $6 (20... Rc8 $142 $5 21. Bf4 Qd7 $15 22.
Re1 Bc4) 21. Qf3 $2 (21. Rxf7 $142 $1 Kxf7 (21... Qxf7 22. Qxc4 $13) 22. Qf3+
Kg8 23. Qxa8 Qf7 24. Ba3 $5 (24. Qf3 axb5 $15) 24... Qf1+ 25. Kd2 Qxa1 26.
Qxf8+ Kh7 27. Qe7 $11) 21... Rd8 $17 {(Nachdem der Weiße mehrere
durchschlagende Opferwendungen ausgelassen hat, geht seine Stellung nun mit
Getöse den Bach hinunter.)} 22. b6 (22. Bf4 Qc5 23. Bd6 $140 Rxd6) 22... Qd7 $8
23. Rf2 (23. Re1 Bc5 $17 {/-+, z.B.} 24. Qg4 (24. Be3 O-O 25. Kc1 Bxb6) 24...
O-O 25. Ba3 Qd6 $1 26. Bxc5 Qxc5) 23... e5 $1 24. Qe3 (24. Qe4 Qd5 $1 $19 (
24... Qe6 $2 25. Ra5 $1)) (24. Rd2 exd4 25. Rxd4 Bd5 $19) (24. Bg5 f6 $19)
24... Qe6 25. b7 exd4 26. Qxe6+ fxe6 27. Bf4 dxc3+ 28. Ke1 {[#]} ({Eine kleine,
gefällige Kombination löscht nun die weißen Lichter aus, während} 28. Kc1 Bc5
$19 {ganz problemlos wäre.}) 28... Bc5 29. Rb1 ({Gravierend ist die tödliche
Fesselung nach} 29. b8=Q Rxb8 30. Bxb8 Bxf2+ 31. Kxf2 O-O+ $1 32. Bf4 e5 $19)
29... Bb5 $1 (29... Bxf2+ $6 30. Kxf2 O-O $5 (30... Bb5 31. Rd1 $17) 31. b8=Q
Rd2+ 32. Kf3 Be2+ 33. Ke3 Rxb8 34. Rxb8+ Kf7 35. Be5 Rxc2 36. Rb7+ $17) 30. Rf3
(30. Rd1 Rxd1+ $1 31. Kxd1 Kd7 32. Rf3 Bd6) 30... O-O 31. Rxc3 Bd4 32. Rc7 e5 {
Trotz der schönen Schlußsequenz fand Vlastimil nach der späteren Analyse die
Partie überhaupt nicht mehr gut. Für den nachspielenden Schachfreund indes ist
das bunte Treiben recht unterhaltsam.} 0-1

[Event "Capablanca Memorial Elite 30th"]
[Site "Matanzas"]
[Date "1995.??.??"]
[Round "8"]
[White "Garcia, Gildardo"]
[Black "Van Wely, Loek"]
[Result "0-1"]
[WhiteElo "2520"]
[BlackElo "2575"]
[Annotator "Baburin,A"]
[PlyCount "72"]
[EventDate "1995.05.??"]
[EventType "tourn"]
[EventRounds "13"]
[EventCountry "CUB"]
[EventCategory "11"]
[SourceTitle "CBM 048"]
[Source "ChessBase"]
[SourceDate "1995.10.01"]
[SourceVersion "1"]
[SourceVersionDate "1995.10.01"]
[SourceQuality "1"]

1. e4 c5 2. Nf3 e6 3. d4 cxd4 4. Nxd4 Nf6 5. Nc3 d6 6. f4 a6 7. Qf3 Qb6 8. a3
Nbd7 9. Bd3 Nc5 10. Nde2 Bd7 11. b4 Nxd3+ 12. cxd3 Be7 13. Be3 Qd8 14. O-O O-O
15. h3 b5 16. Nd4 e5 17. Nb3 Rc8 18. Rac1 Be6 19. Na5 exf4 20. Bd4 Nd7 21. Nd5
Rxc1 22. Rxc1 Bxd5 23. exd5 Bf6 24. Qxf4 Bxd4+ 25. Qxd4 Ne5 26. Kh2 (26. Nc6 $2
Nf3+ $1 27. gxf3 Qg5+ 28. Kh2 Qxc1 $19) 26... Qg5 27. Rc2 Re8 {Black has an
extra piece on the Kside, as the Na5 is completely out of play at the moment.
In the game Black uses his advantage energetically.} 28. Nb7 (28. Nc6 $5) 28...
h5 29. Rf2 (29. Nxd6 $2 Ng4+ $1 $19) 29... Qg6 30. Rf1 Nxd3 $19 31. Rf3 Ne5 32.
Rf1 Nc4 33. Rf3 Re4 34. Qf2 Qg5 35. Qg3 Qxd5 36. Nd8 {N still cannot find a
decent location!} h4 0-1

[Event "Olympiad-34"]
[Site "Istanbul"]
[Date "2000.11.07"]
[Round "10.3"]
[White "Baklan, Vladimir"]
[Black "Delchev, Aleksander"]
[Result "1-0"]
[WhiteElo "2599"]
[BlackElo "2557"]
[Annotator "Bangiev,A"]
[PlyCount "65"]
[EventDate "2000.10.28"]
[EventType "team-swiss"]
[EventRounds "14"]
[EventCountry "TUR"]
[SourceTitle "EXT 2001"]
[Source "ChessBase"]
[SourceDate "2000.11.22"]
[SourceVersion "1"]
[SourceVersionDate "2000.11.22"]
[SourceQuality "1"]
[WhiteTeam "Ukraine"]
[BlackTeam "Bulgaria"]
[WhiteTeamCountry "UKR"]
[BlackTeamCountry "BUL"]

1. e4 c5 2. Nf3 e6 3. d4 cxd4 4. Nxd4 Nc6 5. Nc3 Qc7 6. Be3 a6 7. Bd3 b5 8. f4
Bb7 9. Nb3 d6 10. O-O Nf6 11. Qf3 Be7 12. Qh3 Nb4 (12... O-O 13. g4 $5) 13.
Rac1 {Die übliche Fortsetzung ist hier 13.a3, was den Tausch auf d3 mit
folgendem weissen Spiel auf der c-Linie ermöglichen sollte.} (13. Rae1 d5 14.
e5 Ne4 15. f5 exf5 16. Qxf5 O-O 17. Nxe4 dxe4 18. Bxe4 Bxe4 19. Qxe4 Qc6 20.
Qg4 Nxa2 21. Nd4 Qg6 22. Qxg6 fxg6 23. Nc6 Rxf1+ 24. Rxf1 Bf8 25. c3 b4 26. Ra1
b3 27. Na5 Rb8 28. e6 h6 29. Bd4 {1-0 Baklan,V-Kveinys,A/Germany 2000}) 13...
Nd7 (13... e5 14. a3 Nxd3 15. cxd3 Qd8 16. g4 (16. f5 d5 $132) 16... h5 17.
gxh5 Rxh5 18. Qf3) (13... O-O 14. a3 (14. f5 {führt zum scharfen Spiel, z.B.}
d5 15. e5 Nxd3 16. cxd3 Qxe5 17. Rce1) 14... Nxd3 15. cxd3 Qd8 (15... Qd7 16.
Na5) 16. Nd4 (16. Rc2 $5) 16... Rc8 17. Qg3 Kh8 18. Kh1 Nd7 19. f5 e5 20. Nf3
Nf6 21. h3 h6 22. Qf2 {mit weisser Initiative in 1-0 Tischbierek,R-Heissler,J/
Germany 1995/(36)}) 14. a3 Nxd3 15. cxd3 Qd8 16. f5 e5 17. Nd5 $1 {Ein
logischer Plan. Weiss versucht die weissen Felder zu schwächen und
anschliessend weissfeldrige Vorposten im Lager des Nachziehenden einzurichten.}
Bxd5 18. exd5 O-O (18... Nf6 19. Qf3 Qd7 20. Rc6) 19. Rc6 $1 a5 20. Rfc1 a4 21.
Nd2 Rb8 22. Qf3 Nf6 23. g4 h6 24. h4 Ne8 25. Ne4 $1 {[%mdl 512] Es ist dem
Weissen gelungen die wichtigen weissfeldrigen strategischen Punkte, u.a. c6,
d5, e4, f5, zu erobern, was eine dauerhafte Initiative garantiert.} (25. h5 Bg5
$132) 25... Bxh4 $6 {Der Nachziehende hätte besser das Bauernopfer ignoriert.}
(25... Nf6 $142 $16) 26. Bd2 {/\Bb4} Rb7 (26... Qe7 27. Kg2 Rd8 28. Qh3 $16)
27. Kg2 Rd7 28. Qh3 g5 {Ein vergeblicher Versuch, den weissen Angriff zu
stoppen.} (28... Be7 29. g5 Bxg5 30. Bxg5 hxg5 31. Rc8 $18) 29. fxg6 $1 fxg6
30. Rc8 Qe7 31. Bxh6 Ng7 32. Rxf8+ Kxf8 33. g5 1-0

[Event "Aruba m1"]
[Site "Aruba"]
[Date "1991.??.??"]
[Round "7"]
[White "Polgar, Judit"]
[Black "Polugaevsky, Lev"]
[Result "0-1"]
[WhiteElo "2540"]
[BlackElo "2610"]
[Annotator "Blatny,P"]
[PlyCount "70"]
[EventDate "1991.03.??"]
[EventType "match"]
[EventRounds "8"]
[EventCountry "NAU"]
[SourceTitle "CBM 023"]
[Source "ChessBase"]
[SourceDate "1991.08.01"]
[SourceVersion "1"]
[SourceVersionDate "1991.08.01"]
[SourceQuality "1"]

1. e4 c5 2. Nf3 d6 3. d4 cxd4 4. Nxd4 Nf6 5. Nc3 a6 6. f4 e6 7. Bd3 b5 8. Qf3
Bb7 9. g4 Nfd7 10. Be3 Nc5 11. O-O-O Nbd7 (11... b4 {Polgar-Polugaevsky (5)
Aruba m 1991}) 12. h4 Qc7 13. Kb1 b4 14. Nce2 g6 15. h5 Bg7 16. h6 $6 (16. hxg6
) 16... Bf6 17. g5 Be7 18. Ng3 O-O 19. Rhe1 $6 (19. Rhf1 {/\Q..,f5->}) 19... a5
20. Bb5 Rac8 21. Rc1 d5 $1 $36 22. exd5 (22. e5 Nb6 23. b3 Ne4 $17) 22... Bxd5
23. Qg4 Rfd8 24. Be2 Nb6 25. c4 (25. Rcd1 $142 {/\Bc1}) 25... bxc3 26. Rxc3 Qb7
27. Rc2 Ne4 28. Rxc8 (28. Rec1 Na4) 28... Rxc8 29. Nxe4 (29. Rc1 Nc3+ $1 30.
Rxc3 Rxc3 31. bxc3 Nc4+ 32. Nb3 Nxe3 $18 {/\a4}) 29... Bxe4+ 30. Ka1 Nd5 31.
Bf2 Nb4 32. a3 Nc2+ (32... Qd5 $1 33. axb4 axb4 34. b3 Qa5+ 35. Kb2 Qa3#) 33.
Nxc2 Rxc2 34. Bd4 (34. Rb1 Bxa3 35. bxa3 Ra2+ {/\Qb1#}) 34... Bxa3 35. Rb1 (35.
bxa3 Qb3) 35... Qb3 {/\Bb2} 0-1

[Event "Budapest Honved"]
[Site "Budapest"]
[Date "1991.??.??"]
[Round "?"]
[White "Almasi, Zoltan"]
[Black "Schlosser, Philipp"]
[Result "1/2-1/2"]
[WhiteElo "2400"]
[BlackElo "2485"]
[Annotator "Boensch,U"]
[PlyCount "129"]
[EventDate "1991.??.??"]
[EventType "tourn"]
[EventRounds "11"]
[EventCountry "HUN"]
[EventCategory "9"]
[SourceTitle "CBM 027"]
[Source "ChessBase"]
[SourceDate "1992.04.01"]
[SourceVersion "1"]
[SourceVersionDate "1992.04.01"]
[SourceQuality "1"]

1. e4 c5 2. Nf3 d6 3. d4 cxd4 4. Nxd4 Nf6 5. Nc3 a6 6. f4 e6 7. Qf3 Nbd7 (7...
Qb6) 8. Bd3 Nc5 9. g4 b5 10. g5 Nfd7 11. a3 Bb7 12. Be3 g6 (12... Nxd3+ 13.
cxd3 Nc5 $13 {/\d5}) 13. h4 e5 14. Nde2 exf4 15. Bxf4 Bg7 $6 (15... Ne5 16.
Bxe5 Nxd3+ 17. cxd3 dxe5 18. Rf1 Qe7 $13) 16. Bxd6 Ne5 17. Bxe5 Bxe5 18. O-O-O
O-O 19. Kb1 Qe7 20. Qh3 Rab8 21. h5 Bc6 22. Nd5 Bxd5 23. exd5 Rfd8 (23... b4 $2
24. hxg6 fxg6 25. d6 Bxd6 26. Bc4+ Kh8 27. Rxd6 $18) 24. hxg6 fxg6 25. b4 Na4
26. Qe6+ Qxe6 27. dxe6 Nb2 28. Rde1 Nxd3 29. cxd3 Rxd3 30. Nc1 Rd5 31. Rd1 Rxd1
32. Rxd1 Re8 33. Nd3 Bd6 34. Re1 Be7 35. Re5 Kf8 36. Nc5 (36. Nf4 Bd6 37. Re4
Bxf4 38. Rxf4+ Ke7 39. Rf7+ Kxe6 40. Rxh7 Kf5 $19) 36... Bxc5 37. bxc5 Ke7 38.
Kc2 Rf8 39. Kc3 Rf4 40. Rd5 Rc4+ 41. Kb3 Kxe6 42. Rd6+ Kf5 43. Rxa6 Rxc5 44.
Kb4 Rc7 45. Ra5 Kxg5 46. a4 h5 47. axb5 Kf4 48. b6 Rc8 49. Kb5 g5 50. b7 Rb8
51. Ra4+ Kg3 52. Ra3+ Kh4 53. Kc6 g4 54. Ra8 Rxb7 $10 55. Kxb7 g3 56. Rg8 Kh3
57. Kc6 h4 58. Kd5 Kg2 59. Ke4 Kf2 (59... h3 60. Kf4 h2 61. Rxg3+ Kf2 62. Rh3
$10) 60. Rf8+ Kg1 61. Kf3 g2 62. Rg8 h3 63. Rg7 Kh1 64. Kf2 h2 65. Rxg2 {
Boensch} 1/2-1/2

[Event "Donner Memorial"]
[Site "Amsterdam"]
[Date "1995.??.??"]
[Round "9"]
[White "Polgar, Judit"]
[Black "Van Wely, Loek"]
[Result "1-0"]
[WhiteElo "2635"]
[BlackElo "2585"]
[Annotator "Boensch,U"]
[PlyCount "47"]
[EventDate "1995.08.??"]
[EventType "tourn"]
[EventRounds "11"]
[EventCountry "NED"]
[EventCategory "16"]
[SourceTitle "CBM 049"]
[Source "ChessBase"]
[SourceDate "1995.12.01"]
[SourceVersion "1"]
[SourceVersionDate "1995.12.01"]
[SourceQuality "1"]

1. e4 c5 2. Nf3 d6 3. d4 cxd4 4. Nxd4 Nf6 5. Nc3 a6 6. f4 e6 7. Qf3 Qb6 8. Nb3
Qc7 9. g4 b5 10. g5 (10. Bd3 Bb7 (10... Nbd7 11. Bd2 Nb6 12. O-O-O Nfd7 13. g5
Nc5 14. Kb1 Bd7 15. f5 O-O-O 16. Rhf1 Kb8 17. Qg3 e5 $14 {Almasi,
Z-Asmaiparashvili,Z Groningen (09) 1994 1-0 51 - CBM 45}) 11. g5 Nfd7 12. Be3 (
12. Bd2 Nc5 13. O-O-O Nxd3+ 14. Qxd3 Nd7 15. Rhe1 O-O-O 16. f5 Kb8 17. Bf4 b4
18. Ne2 e5 19. Be3 $14 {Yudasin,L-Polgar,J Groningen PCA (02) 1993 1/2 57}) (
12. a3 Nc5 13. Be3 Nbd7 14. O-O Be7 15. Nd4 O-O 16. Qh5 g6 17. Qh6 Rfe8 18. Rf3
Bf8 19. Qh4 Bg7 20. Rh3 Nf8 21. Rf1 e5 $15 {Mortensen,E-Hansen,Cu Copenhagen
BSF (05) 1995 0-1 33 - CBM 46}) 12... Nc6 13. O-O-O b4 14. Ne2 Be7 15. Kb1 Nc5
16. Qf2 Nxd3 17. cxd3 O-O 18. Nbd4 Rfc8 19. Rc1 Qd7 20. Nxc6 Bxc6 21. Nd4 {
1/2 Yakovich,Y-Sotnikov,I RUS-chT Moscow (08) 1994 - EXP 45}) 10... b4 11. Nb5
$1 (11. gxf6 bxc3 12. bxc3 gxf6 13. Rg1 Bb7 14. c4 Nd7 15. Bb2 e5 16. fxe5 fxe5
17. O-O-O Bh6+ 18. Kb1 Bf4 19. Ba3 $16 {Polgar,J-Ljubojevic,L Monaco blind (04)
1995 1/2 49 - EXP 46}) 11... axb5 12. gxf6 Nd7 $6 (12... gxf6 13. Nd4 Bd7 14.
f5 Nc6 15. Nxb5 Qa5 16. fxe6 fxe6 17. Bd2 Ne5 18. Qe2 Rc8 $10 {Timman,J-Tal,M 
(04) KRO m 1988 0-1 29 - CBM 10}) 13. Bxb5 gxf6 (13... Ba6 $5 14. fxg7 $6 (14.
Nd4 $5 $14) 14... Bxg7 15. Bd3 Bf6 16. O-O Ke7 17. Bxa6 Rxa6 18. e5 dxe5 19.
fxe5 Qxe5 20. Bf4 Rg8+ 21. Kh1 Qd5 22. Qxd5 exd5 $10 {Mueller,HG-Kohlweyer,B
BL2-SW 8990 1990 0-1 41}) 14. f5 (14. Nd4 Rg8 15. Qb3 e5 16. Ne2 {1/2 Borge,
N-Hultin,J Oslo-B (08) 1992 - EXP 28}) 14... Ke7 $2 $146 (14... Qb6 15. Qe2 (
15. fxe6 Qxb5 16. exd7+ $14) 15... Rb8 16. c4 bxc3 17. a4 Ba6 18. Bxa6 Qxb3 19.
Bb5 Ke7 20. fxe6 fxe6 $13 {Gipslis,A-Van Wely,L Gausdal Peer Gynt (9) 1992 0-1
43}) 15. Bxd7 Bxd7 16. fxe6 fxe6 17. Rf1 $1 $18 (17. e5 $2 dxe5 18. Qxa8 Bc6
$17) 17... Bb5 {Verzweiflung, in der Erkenntnis das die Stellung aus der
Eroeffnung heraus bereits verloren ist.} (17... Bg7 18. Bh6 $18) (17... f5 18.
Bg5+ Kf7 (18... Ke8 19. Qh5#) 19. exf5 $18) 18. Qxf6+ Kd7 (18... Ke8 19. Qxh8
Bxf1 20. Bh6 Qf7 21. Qxf8+ Qxf8 22. Bxf8 Kxf8 23. Kxf1 $18) 19. Qxh8 Be7 (19...
Bxf1 20. Qxh7+ Be7 21. Bg5 $18) 20. Qxa8 Qc4 (20... Bh4+ 21. Rf2 Bxf2+ (21...
Qxc2 22. Qb7+ Kd8 23. Bg5+ $18) 22. Kxf2 Qxc2+ 23. Bd2 $18) 21. Qb7+ Ke8 22.
Rf2 Bh4 23. Qf7+ Kd8 24. Bg5+ (24. Bg5+ Bxg5 25. Qg8+ Kd7 26. Qxg5 Qxe4+ 27.
Kd2 $18) 1-0

[Event "Interzonal-15"]
[Site "Manila"]
[Date "1990.??.??"]
[Round "9"]
[White "De Firmian, Nick E"]
[Black "Yudasin, Leonid"]
[Result "1-0"]
[WhiteElo "2560"]
[BlackElo "2615"]
[Annotator "Boensch,U"]
[PlyCount "47"]
[EventDate "1990.06.29"]
[EventType "swiss"]
[EventRounds "13"]
[EventCountry "PHI"]
[SourceTitle "CBM 019"]
[Source "ChessBase"]
[SourceDate "1990.12.01"]
[SourceVersion "1"]
[SourceVersionDate "1990.12.01"]
[SourceQuality "1"]

1. e4 {Bönsch} c5 2. Nf3 d6 3. d4 cxd4 4. Nxd4 Nf6 5. Nc3 a6 6. f4 e6 7. Qf3
Qb6 (7... Nbd7 8. g4 h6 9. Be2 Qb6 10. Nb3 Qc7 11. Qg2 Rb8 12. Be3 b5 13. g5
hxg5 14. fxg5 Nh5 15. g6 Ne5 16. gxf7+ Qxf7 17. Rf1 Qg6 18. Qxg6+ Nxg6 $13 {
Short - Kasparov, Belgrad 1989}) 8. a3 g6 (8... Nc6 9. Nb3 Qc7 10. Bd3 g6 11.
O-O Bg7 12. Be3 O-O 13. Rae1 b5 14. e5 dxe5 15. Bc5 Bb7 $1 $15 {De Firmian -
Polugaevsky, Biel-A 1990}) 9. Be2 Bg7 10. Be3 Qc7 (10... Qxb2 11. Kd2) 11.
O-O-O O-O 12. g4 Nc6 13. f5 Nd7 14. Rhf1 (14. fxe6 $6 Nxd4 15. Bxd4 fxe6) 14...
Nce5 15. Qg3 Re8 16. Qh4 b5 17. Bh6 Bh8 (17... Bb7 18. Bxg7 Kxg7 19. f6+ Kh8
20. Qh6 Rg8 21. g5 Qd8 22. Rf4 Qf8 23. Qxh7+ $1 $18) 18. fxe6 fxe6 19. Nxe6 $1
Qb7 (19... Rxe6 20. Nd5 Qc5 21. Qe7 $18) 20. Nd5 Nf6 21. Nec7 Bxg4 22. Nxe8
Bxe2 23. Nexf6+ Bxf6 24. Qxf6 (24. Qxf6 Bxf1 25. Ne7+ $18) 1-0

[Event "Cheliabinsk"]
[Site "Cheliabinsk"]
[Date "1991.??.??"]
[Round "?"]
[White "Ulybin, Mikhail"]
[Black "Panchenko, Alexander N"]
[Result "1-0"]
[WhiteElo "2465"]
[BlackElo "2445"]
[Annotator "Boensch,U"]
[PlyCount "56"]
[EventDate "1991.??.??"]
[EventType "tourn"]
[EventRounds "11"]
[EventCountry "URS"]
[EventCategory "7"]
[SourceTitle "CBM 025"]
[Source "ChessBase"]
[SourceDate "1991.12.01"]
[SourceVersion "1"]
[SourceVersionDate "1991.12.01"]
[SourceQuality "1"]

1. e4 {Boensch} c5 2. Nf3 e6 3. d4 cxd4 4. Nxd4 Nf6 5. Nc3 d6 6. f4 Nc6 (6...
Be7 7. Qf3 O-O 8. Be3 e5 9. Nf5 Bxf5 10. exf5 Qa5 11. g4 e4 12. Qd1 (12. Qh3)
12... d5 13. g5 Nc6 $1 $17 {De Firmian-Ehlvest Reggio Emilia 1989/90 -Inf.49/
261}) 7. Be3 (7. Nf3 Qb6 8. Bd3 g6 {N Kosten-Sax Hastings 1990/91 -Inf.51/230})
7... e5 8. fxe5 (8. Nf3) (8. Nde2) 8... dxe5 $2 (8... Ng4 $1 $10) 9. Ndb5 Qa5
10. a3 $1 $16 Bg4 11. b4 Qd8 $8 12. Qxd8+ Kxd8 13. h3 Be6 14. O-O-O+ Kc8 15.
Nd5 Nxe4 16. Ndc7 Ng3 17. Rg1 a6 18. Nxa8 Nxf1 19. Na7+ $1 Nxa7 20. Bxa7 Ng3
21. Rge1 Nf5 22. Rxe5 b5 23. g4 Nd6 24. Bc5 Nc4 25. Bxf8 Rxf8 26. Rc5+ Kb8 27.
Nc7 Nxa3 28. Nxa6+ Kb7 1-0

[Event "OHRA-B"]
[Site "Amsterdam"]
[Date "1990.??.??"]
[Round "7"]
[White "Polgar, Judit"]
[Black "Fedorowicz, John P"]
[Result "1-0"]
[WhiteElo "2540"]
[BlackElo "2565"]
[Annotator "Boensch,U"]
[PlyCount "55"]
[EventDate "1990.07.??"]
[EventType "swiss"]
[EventRounds "9"]
[EventCountry "NED"]
[SourceTitle "CBM 020"]
[Source "ChessBase"]
[SourceDate "1991.02.01"]
[SourceVersion "1"]
[SourceVersionDate "1991.02.01"]
[SourceQuality "1"]

1. e4 {Bönsch} c5 2. Nf3 d6 3. d4 cxd4 4. Nxd4 Nf6 5. Nc3 Nc6 6. Bc4 Qb6 7. Nb3
e6 8. Be3 (8. Bg5 Be7 9. O-O a6 10. Kh1 Qc7 11. Qe2 {N} b5 12. Bd3 Bb7 13. a3
O-O 14. f4 b4 15. axb4 Nxb4 16. e5 dxe5 17. fxe5 Nfd5 18. Nxd5 Bxd5 19. Bxe7
Qxe7 20. Be4 $10 {Ivanovic - Cabrilo, Jugoslawien (ch) 1990 - Inf.49/229}) 8...
Qc7 9. Qe2 a6 10. Bd3 b5 11. f4 Be7 12. a4 b4 13. Nb1 e5 $6 (13... Bb7 14. a5
Nd7 $13) 14. f5 Bb7 15. N1d2 Nb8 (15... Na5 16. Nxa5 Qxa5 17. Nc4 Qc7 $13) 16.
g4 d5 (16... h6 $5) 17. g5 dxe4 (17... Nxe4 18. Nxe4 dxe4 19. Bc4 $13) 18. Bc4
Nd5 19. f6 $1 gxf6 20. gxf6 Bf8 (20... Nxf6 21. O-O-O Nbd7 $13) (20... Bxf6 21.
O-O-O Nd7 22. Nxe4 Nxe3 23. Qxe3 $16) 21. O-O-O Nd7 22. Nxe4 $16 N7b6 23. Bxb6
Nxb6 24. Na5 Nxc4 25. Nxc4 Bh6+ 26. Kb1 Kf8 27. Rhg1 b3 28. cxb3 {/\ Ned6,Qh5,
Rg7} 1-0

[Event "Lee Cup 4th"]
[Site "Beijing"]
[Date "1997.08.23"]
[Round "1"]
[White "Lioe, Dede"]
[Black "Oll, Lembit"]
[Result "0-1"]
[WhiteElo "2400"]
[BlackElo "2645"]
[Annotator "Boensch,U"]
[PlyCount "72"]
[EventDate "1997.08.23"]
[EventType "swiss"]
[EventRounds "11"]
[EventCountry "CHN"]
[SourceTitle "CBM 061"]
[Source "ChessBase"]
[SourceDate "1997.11.23"]
[SourceVersion "1"]
[SourceVersionDate "1997.11.23"]
[SourceQuality "1"]

1. e4 c5 2. Nf3 d6 3. d4 Nf6 4. Nc3 cxd4 5. Nxd4 a6 6. f4 e6 7. Qf3 Qb6 8. Nb3
Qc7 9. g4 b5 10. g5 Nfd7 11. Bd3 (11. Be3 Nb6 (11... Bb7 12. O-O-O b4 13. Ne2
Nc5 14. Nxc5 dxc5 15. f5 e5 16. f6 g6 17. Bh3 $16 {1-0 Delchev,A-Orsag,M/
Andorra 1996/EXP 54 (25)}) 12. O-O-O N8d7 13. Qh3 b4 14. Ne2 Nc4 15. Kb1 Bb7
16. Ned4 Nxe3 17. Qxe3 g6 18. Bh3 Qb6 19. Rhf1 O-O-O 20. c3 Kb8 21. cxb4 Qxb4
22. Rc1 Nc5 23. Rfd1 Be7 24. e5 Nxb3 25. axb3 Rc8 $15 {Polgar,J-Kasparov,G/
Geneva Credit Suisse 1996/EXP 54/0-1 (60)}) 11... Nc5 12. Bd2 (12. Nxc5 dxc5
13. e5 Bb7 14. Be4 Nc6 15. Be3 O-O-O $132 {Van der Wiel,J-Brenninkmeijer,J/
NLD-ch Hilversum 1989/EXT 89ch/1/2-1/2 (44)}) 12... Nbd7 13. Ne2 Rb8 14. Ng3 b4
15. O-O g6 16. Nxc5 Nxc5 17. b3 {Weiß sollte sein Glück im Angriff suchen, für
eine ruhige positionelle Spielweise hat er sich bereits zu stark geschwächt.} (
17. f5 $5) 17... Bg7 18. Rac1 O-O 19. Bc4 Bb7 20. c3 Qb6 21. Rf2 d5 $1 $17 22.
exd5 exd5 23. cxb4 (23. Bxd5 $2 Bxd5 24. Qxd5 Rfd8 25. Qg2 Rxd2 26. Rxd2 Nxb3+
$19) 23... dxc4 $19 {[%cal Ya8h1] ^^} 24. bxc5 Qxc5 25. Be3 Qe7 26. Qe2 Rfe8
27. Ba7 Qa3 28. Qd1 (28. Qf1 Ra8 29. Bb6 Qd6 30. Ba5 Bd4 $19) 28... Rbd8 29.
Qf1 Ra8 30. Bb6 Qd6 31. Ba5 Bd4 32. Rxc4 Qxf4 33. Rc7 Bd5 34. Rd7 Qxg5 35. Qd3
Qc1+ 36. Nf1 Qc5 0-1